Sử dụng phần mềm Crocodile hỗ trợ dạy học chương “Mắt. Các dụng cụ quang” - vật lí 11

Nghiên cứu vai trò, nguyên tắc ứng dụng CNTT trong dạy học vật lí. Nghiên cứu đặc điểm học tập của học sinh. Nghiên cứu nội dung chương trình chuẩn kiến thức kĩ năng phần kiến thức chương “Mắt. Các dụng cụ quang” - Vật lí 11. Nghiên cứu việc xây dựng và sử dụng phần mềm mô phỏng Yenka cho chương “Mắ...

Cijeli opis

Spremljeno u:
Bibliografski detalji
Glavni autor: Phan Thị Ngọc Bích
Daljnji autori: Phạm Kim Chung TS. (Hướng dẫn)
Format: Knjiga
Jezik:Vietnamese
Izdano: Hà Nội Trường ĐH Giáo dục - Đại học Quốc gia Hà Nội 2015
Teme:
Oznake: Dodaj oznaku
Bez oznaka, Budi prvi tko označuje ovaj zapis!
Thư viện lưu trữ: Mạng thư viện Đại học Đà Nẵng
LEADER 02162nam a2200385 4500
001 000024673
003 21161
005 20170103140134.0
008 161220s2015 viesd
041 |a vie 
082 1 4 |a 535.0785  |b PH-B 
100 1 |a Phan Thị Ngọc Bích 
245 1 |a Sử dụng phần mềm Crocodile hỗ trợ dạy học chương “Mắt. Các dụng cụ quang” - vật lí 11  |c Phan Thị Ngọc Bích ; Phạm Kim Chung hướng dẫn.  |k Luận văn Thạc sĩ 
246 |a Sử dụng phần mềm Crocodile hỗ trợ dạy học chương “Mắt. Các dụng cụ quang”- vật lý 11 
260 |a Hà Nội  |b Trường ĐH Giáo dục - Đại học Quốc gia Hà Nội  |c 2015 
300 |a 107 tr.  |b Hình mh.  |c 29 cm. 
500 |a Luận văn thạc sĩ Khoa học. Chuyên ngành: Lý luận và phương pháp dạy học (bộ môn Vật Lý). Mã số: 60.14.01.11 
520 3 |a Nghiên cứu vai trò, nguyên tắc ứng dụng CNTT trong dạy học vật lí. Nghiên cứu đặc điểm học tập của học sinh. Nghiên cứu nội dung chương trình chuẩn kiến thức kĩ năng phần kiến thức chương “Mắt. Các dụng cụ quang” - Vật lí 11. Nghiên cứu việc xây dựng và sử dụng phần mềm mô phỏng Yenka cho chương “Mắt. Các dụng cụ quang”. 
650 0 4 |a Quang hình học  |v Luận văn tốt nghiệp  |x Phần mềm Yenka  |x Dạy và học 
653 |a Giáo dục trung học 
653 |a Mắt 
653 |a Phương pháp dạy học môn lý 
653 |a Vật lý 
653 |a Dụng cụ quang học 
700 1 |a Phạm Kim Chung  |c TS.  |e Hướng dẫn 
OWN |a LSP 
AVA |a UDN50  |b LSP  |d 535.0785 PH-B  |e available  |t Error 5001 Not defined in file expand_doc_bib_avail.  |f 1  |g 0  |h N  |i 0  |k 1 
999 |a From the UDN01 
AVA |a UDN50  |b LSP  |d 535.0785 PH-B  |e available  |t Error 5001 Not defined in file expand_doc_bib_avail.  |f 1  |g 0  |h N  |i 0  |k 1 
TYP |a Monograph 
TYP |a Printed language 
980 |a Mạng thư viện Đại học Đà Nẵng